000 00784nas a2200253 4500
001 BR2012008932
003 BR-BrBNA
005 20231205121525.0
007 ta
008 230509b bl.|||p| |||| 00| 00por d
040 _aBR-BrBNA
_bpor
_cBiblioteca Nacional de Agricultura
041 _a(Pt)
072 _aP40
100 1 _aVirgens Filho, J.S. das
100 1 _aLeite, M. de L.
100 1 _aCataneo, A.
245 1 _aAvaliação de três geradores de dados climáticos na simulação da temperatura do ar
650 _aTEMPERATURA
650 _aAR
650 _aCLIMA
773 0 _tRevista Brasileira de Agrometeorologia (Brazil)
_xISSN 0104-1347
_g(May-Aug 2006), v. 14(2) p. 196-209
_wBR2012008932
909 _a202311
_bLúcia
_c55
_dLúcia Elande
942 _2AGRIS
_n0
_cANA
999 _c223961
_d223961